Países com Mais Medalhas Olímpicas de Inverno - Statistics

Estatísticas Gerais
  • Esse quiz foi jogado 2 817 vezes
  • A pontuação média é 15 de 19
Estatísticas das Respostas
Medalhas País % Correto
330 Estados Unidos
99%
170 Rússia
97%
225 Canadá
96%
77 China
96%
76 Japão
93%
306 Alemanha / Alemanha Ocidental
92%
138 França
91%
176 Suécia
91%
405 Noruega
89%
175 Finlândia
86%
34 Grã-Bretanha
86%
141 Itália
84%
167 Suíça
83%
79 Coreia do Sul
81%
147 Países Baixos
72%
250 Áustria
68%
227 União Soviética / Equipe Unificada
54%
33 República Checa
48%
110 Alemanha Oriental
24%
Nenhum quiz correspondente encontrado
Distribuição das Pontuações
Porcentagem de Pessoas com Cada Pontuação
Percentil de Números Respondidos
Sua Pontuação Histórica
Você não jogou esse quiz